The secret of Wildcat Swamp / (Record no. 14583)

MARC details
000 -LEADER
fixed length control field 01976nam a2200349 4500
001 - CONTROL NUMBER
control field B-264969-974
005 - DATE AND TIME OF LATEST TRANSACTION
control field 20080724123840.0
008 - FIXED-LENGTH DATA ELEMENTS--GENERAL INFORMATION
fixed length control field 690527s1969 nyua j 000 1 eng
010 ## - LIBRARY OF CONGRESS CONTROL NUMBER
LC control number B-264969-974
020 ## - INTERNATIONAL STANDARD BOOK NUMBER
International Standard Book Number 0448089319
Terms of availability 135.00
035 ## - SYSTEM CONTROL NUMBER
System control number B-264969-974
037 ## - SOURCE OF ACQUISITION
Stock number 4439/8.5.08
Source of stock number/acquisition Blue Berry
040 ## - CATALOGING SOURCE
Original cataloging agency DPL
082 ## - DEWEY DECIMAL CLASSIFICATION NUMBER
Classification number S
100 ## - MAIN ENTRY--PERSONAL NAME
Personal name Dixon, Franklin W.
245 ## - TITLE STATEMENT
Title The secret of Wildcat Swamp /
Statement of responsibility, etc by Franklin W. Dixon.
260 ## - PUBLICATION, DISTRIBUTION, ETC. (IMPRINT)
Place of publication, distribution, etc New York,
Name of publisher, distributor, etc Grosset & Dunlap
Date of publication, distribution, etc 2004
300 ## - PHYSICAL DESCRIPTION
Extent 178 p.
Other physical details ill.
Dimensions 20 cm (Hb)
490 ## - SERIES STATEMENT
Series statement The Hardy boys mystery stories 31
520 ## - SUMMARY, ETC.
Summary, etc An archaeological expedition in the West turns into a desperate attempt to capture robbers and an escaped convict.
650 ## - SUBJECT ADDED ENTRY--TOPICAL TERM
Topical term or geographic name as entry element Mystery and detective stories.
942 ## - ADDED ENTRY ELEMENTS (KOHA)
Source of classification or shelving scheme Dewey Decimal Classification
Koha item type Children Books
Classification part S
Call number suffix DIX
Holdings
Withdrawn status Lost status Source of classification or shelving scheme Damaged status Not for loan Collection code Home library Current library Date acquired Cost, normal purchase price Total Checkouts Full call number Barcode Date last seen Date checked out Copy number Cost, replacement price Price effective from Koha item type Total Renewals Source of acquisition
    Dewey Decimal Classification     Fiction Bawana Bawana 28/07/2008 135.00 1 S DIX B-264973 01/04/2022 30/03/2022 1 135.00 15/09/2008 Children Books    
    Dewey Decimal Classification     Fiction Central Library Central Library 24/07/2008 135.00 1 S DIX B-264969 18/01/2021 09/01/2021 1 135.00 15/09/2008 Children Books    
          Fiction Patel Nagar Patel Nagar 28/07/2008 135.00 11 S DIX B-264970 18/08/2022 05/08/2022 1 135.00 15/09/2008 Children Books 6  
          Fiction Peshwa Road Peshwa Road 28/07/2008 135.00   S DIX B-264971 15/09/2008   1 135.00 15/09/2008 Children Books    
          Fiction Sarojini Nagar Sarojini Nagar 28/07/2008 135.00 1 S DIX B-264972 28/11/2023 17/11/2023 1 135.00 15/09/2008 Children Books    
          Fiction Shahdara Branch Shahdara Branch 28/07/2008 135.00 3 S DIX B-264974 29/01/2022 29/12/2021 1 135.00 15/09/2008 Children Books 4  
          Fiction Vinoba Puri Vinoba Puri 05/09/2008 135.00 6 S DIX B-284712 14/02/2023 31/01/2023 1 135.00 15/09/2008 Children Books 1 Blueberry/4571/19.8.08/192/21.7.08/19.8.08

© Delhi Public Library
Hit Counter
free hit counter